000 00636nam a2200229 a 4500
999 _c9372
_d9372
001 9372
003 BD-JhCC
005 20180521101322.0
008 180313s1951 ii |||| |||| 001 0 eng d
035 _a(BD-JhCC)9372
040 _aBD-JhCC
_dBD-JhCC
041 _aeng
082 _a320
_bGAR 1951
100 _aGarner , James Wilford
245 _aPolitical Science and Government /
_cJames Wilford Garner
260 _aঢাকা :
_bস্পেন বুক সেন্টার,
_c1951
300 _a750 p.:
_c23 cm.
504 _aInclude Index
650 _aPolitical Science
942 _2ddc
_cBK